000 00590nam a22002177a 4500
003 UA-OsUOA
001 42576
007 ta
008 20061110b un ||||| |||| 00| 0 ukr d
100 _aМарків М.
090 _a32
_bМ-11
942 _cSA
040 _aUA-OsUOA
_bukr
_cUA-OsUOA
_dUA-OsUOA
245 _aДіалог продовжать уряди/ про візит Президента України В.А. Ющенка до Фінляндії
300 _aС.3
955 _a0
041 _aukr
080 _a32
773 0 _w42232
650 7 _a32 Політика
_2UDC
999 _c328709
_d328709